Statistics for 1936年各国领导人

Click here to take the quiz!

General Stats

  • This quiz has been taken 103 times
  • The average score is 17 of 40

Answer Stats

领导人国家% Correct
阿道夫·希特勒德意志国
100%
裕仁日本
97%
蒋介石/毛泽东中国
97%
贝尼托·墨索里尼意大利
96%
富兰克林·罗斯福美利坚合众国
96%
约瑟夫·斯大林苏维埃联盟
96%
斯坦利·鲍德温联合王国
72%
莱昂·布鲁姆法国
69%
弗朗西斯科·弗朗哥西班牙国
67%
穆斯塔法·凯末尔土耳其
65%
礼萨汗·巴列维伊朗
60%
伊本·沙特沙特阿拉伯
56%
海尔·塞拉西一世埃塞俄比亚
54%
安东尼奥·萨拉查葡萄牙
53%
霍尔洛·乔巴山蒙古
49%
麦肯齐·金加拿大
45%
霍尔蒂·米克洛什匈牙利
41%
格奥尔基·塔塔内斯库罗马尼亚
41%
鲍里斯三世保加利亚
40%
索古一世阿尔巴尼亚
35%
保罗亲王南斯拉夫
33%
加齐一世伊拉克
28%
扬尼斯·梅塔克萨斯希腊
28%
库尔特·舒施尼格奥地利
28%
约瑟夫·莱昂斯澳大利亚
27%
伊格纳齐·莫希奇茨基波兰
27%
热图利奥·瓦加斯巴西
23%
爱德华·贝奈斯捷克斯洛伐克
23%
第二代林利思戈侯爵英属印度
22%
詹姆斯·赫尔佐格南非
22%
披耶帕凤暹罗
20%
拉萨罗·卡德纳斯墨西哥
19%
佩尔·阿尔宾·汉森瑞典
18%
屈厄斯蒂·卡利奥芬兰
17%
约翰·尼高斯沃尔挪威
17%
亨德里克斯·科莱恩荷兰
15%
迈克尔·约瑟夫·萨维奇新西兰
13%
安塔纳斯·斯梅托纳立陶宛
12%
卡尔利斯·乌尔马尼斯拉脱维亚
12%
康斯坦丁·佩茨爱沙尼亚
12%

Score Distribution

Percentile by Number Answered

Percent of People with Each Score

Your Score History

You have not taken this quiz